LEADER 01172nam0 22003013i 450 001 VAN00304405 005 20260408034130.137 010 $a978-88-351-7295-6 100 $a20260408d2025 |0itac50 ba 101 $aita 102 $aIT 105 $a|||| ||||| 181 $ai$b e 182 $an 183 $anc 200 1 $aˆIl ‰rito e la città$eL'Aquila$eil ruolo della Perdonanza celestiniana nella tematizzazione dello spazio urbano$fFabio Andreassi 210 $aMilano$cAngeli$d2025 215 $a178 p.$cill.$d23 cm 410 1$1001VAN00030327$12001 $aUrbanistica. Documenti$1210 $aMilano$cAngeli$v222 620 $dMilano$3VANL000284 700 1$aAndreassi$bFabio$3VANV083341$0720943 712 $aFrancoAngeli $3VANV107955$4650 801 $aIT$bSOL$c20260410$gRICA 899 $aBIBLIOTECA DEL DIPARTIMENTO DI ARCHITETTURA E DISEGNO INDUSTRIALE$1IT-CE0107$2VAN01 912 $aVAN00304405 950 $aBIBLIOTECA DEL DIPARTIMENTO DI ARCHITETTURA E DISEGNO INDUSTRIALE$d01PREST FONDO EXTRAPOLO3 $e01BDA2954 20260408 996 $aRito e la città$94558532 997 $aUNICAMPANIA